000 01192nam a22003497a 4500
003 DO-SdBNP
005 20211112122745.0
007 ta
008 211112b2016 a|||e |||| 001 0 spa d
020 _a9789945580228
040 _aDO-SdBNP
_bspa
_cBNPHU
082 4 _222
_a372.7
_bG633m
100 1 0 _980564
_aGómez López, Nelson
245 _aMatemática en la educación primaria II /
_cNelson Gómez López
250 _a2da.
260 _aSantiago de los Caballeros, Rep. Dom.
_bUAPA,
_c2016.
300 _a347 p. :
_bil.;
_c27 cm.
490 _aAutroaprendizaje ;
_vv.3
504 _aBibliografía : p. 338-347.
505 _aUnidad I. Los Números enteros.
505 _aUnidad. II. Números racionales, irracionales y reales.
505 _aUnidad. III. Matemática lúdica.
505 _aUnidad IV. Razones, proporciones y porcentajes.
505 _aUnidad V. Introducción a la geometría.
505 _aUnidad VI. Perímetros y áreas.
590 _aInventariado, 2021 / SA
650 4 0 _934579
_aMatemática
650 4 0 _930652
_aMatemática
_xEnseñanza
700 1 _aHernández, Luisa
_eCarrección de estilo
_966105
910 _aSaquino
942 _2ddc
_cLBS1
999 _c50948
_d50948